Statistics for Films by Best Actor Nominees 2000-2022

Click here to take the quiz!

General Stats

  • This quiz has been taken 20 times
  • The average score is 76 of 165

Answer Stats

YearActorFilm% Correct
1990Kevin CostnerDances with Wolves
94%
1999Kevin SpaceyAmerican Beauty
89%
1994Tom HanksForrest Gump
89%
1997Matt DamonGood Will Hunting
89%
1993Liam NeesonSchindler's List
89%
1991Anthony HopkinsThe Silence of the Lambs
83%
1997Jack NicholsonAs Good as It Gets
78%
2005Heath LedgerBrokeback Mountain
78%
2000Russell CroweGladiator
78%
2008Sean PennMilk
78%
1993Tom HanksPhiladelphia
78%
1994John TravoltaPulp Fiction
78%
2004Jamie FoxxRay
78%
2006Forest WhitakerThe Last King of Scotland
78%
2007Daniel Day-LewisThere Will Be Blood
78%
1998Edward NortonAmerican History X
72%
2014Michael KeatonBirdman
72%
1995Nicolas CageLeaving Las Vegas
72%
1998Roberto BenigniLife Is Beautiful
72%
2012Daniel Day-LewisLincoln
72%
2004Clint EastwoodMillion Dollar Baby
72%
1992Al PacinoScent of a Woman
72%
1996Ralph FiennesThe English Patient
72%
2009Jeremy RennerThe Hurt Locker
72%
2010Colin FirthThe King's Speech
72%
2002Adrien BrodyThe Pianist
72%
2015Leonardo di CaprioThe Revenant
72%
2010Jesse EisenbergThe Social Network
72%
2013Chiwetel Ejiofor12 Years a Slave
67%
2018Bradley CooperA Star Is Born
67%
2013Matthew McConaugheyDallas Buyers Club
67%
2019Joaquin PhoenixJoker
67%
2004Leonardo di CaprioThe Aviator
67%
1994Morgan FreemanThe Shawshank Redemption
67%
2022Brendan FraserThe Whale
67%
1992Clint EastwoodUnforgiven
67%
2001Russell CroweA Beautiful Mind
61%
2018Rami MalekBohemian Rhapsody
61%
2004Don CheadleHotel Rwanda
61%
2021Will SmithKing Richard
61%
2012Hugh JackmanLes Misérables
61%
2003Bill MurrayLost in Translation
61%
2016Casey AffleckManchester by the Sea
61%
1998Tom HanksSaving Private Ryan
61%
2011Jean DujardinThe Artist
61%
2020Anthony HopkinsThe Father
61%
2013Christian BaleAmerican Hustle
56%
2005Philip Seymour HoffmanCapote
56%
1992Robert Downey Jr.Chaplin
56%
2017Gary OldmanDarkest Hour
56%
2022Austin ButlerElvis
56%
2002Daniel Day-LewisGangs of New York
56%
2017Daniel KaluuyaGet Out
56%
1996Tom CruiseJerry Maguire
56%
2016Ryan GoslingLa La Land
56%
2019Adam DriverMarriage Story
56%
2003Sean PennMystic River
56%
2012Bradley CooperSilver Linings Playbook
56%
2015Eddie RedmayneThe Danish Girl
56%
2014Benedict CumberbatchThe Imitation Game
56%
2015Matt DamonThe Martian
56%
2008Mickey RourkeThe Wrestler
56%
2001Denzel WashingtonTraining Day
56%
2010Jeff BridgesTrue Grit
56%
2010James Franco127 Hours
50%
2001Will SmithAli
50%
2006Leonardo di CaprioBlood Diamond
50%
2017Timothée ChalametCall Me by Your Name
50%
2000Tom HanksCast Away
50%
2014Steve CarellFoxcatcher
50%
2011Brad PittMoneyball
50%
2019Leonardo di CaprioOnce Upon a Time in Hollywood
50%
2017Daniel Day-LewisPhantom Thread
50%
1996Billy Bob ThortonSling Blade
50%
2015Michael FassbenderSteve Jobs
50%
2008Brad PittThe Curious Case of Benjamin Button
50%
2014Eddie RedmayneThe Theory of Everything
50%
2013Leonardo di CaprioThe Wolf of Wall Street
50%
2005Joaquin PhoenixWalk the Line
50%
1990Robert de NiroAwakenings
44%
1991Robert de NiroCape Fear
44%
2009Jeff BridgesCrazy Heart
44%
1995Sean PennDead Man Walking
44%
2016Andrew GarfieldHacksaw Ridge
44%
2007George ClooneyMichael Clayton
44%
1996Geoffrey RushShine
44%
2021Benedict CumberbatchThe Power of the Dog
44%
2018Christian BaleVice
44%
2014Bradley CooperAmerican Sniper
39%
2016Viggo MortensenCaptain Fantastic
39%
2016Denzel WashingtonFences
39%
2008Frank LangellaFrost/Nixon
39%
2018Viggo MortensenGreen Book
39%
2020Steven YeunMinari
39%
2013Bruce DernNebraska
39%
1990Jeremy IronsReversal of Fortune
39%
2022Colin FarrellThe Banshees of Inisherin
39%
1992Stephen ReaThe Crying Game
39%
2012Joaquin PhoenixThe Master
39%
2019Jonathan PryceThe Two Popes
39%
2021Andrew GarfieldTick, Tick... Boom!
39%
2015Bryan CranstonTrumbo
39%
2002Jack NicholsonAbout Schmidt
33%
2022Paul MescalAftersun
33%
2021Javier BardemBeing the Ricardos
33%
1991Warren BeattyBugsy
33%
2007Viggo MortensenEastern Promises
33%
2004Johnny DeppFinding Neverland
33%
2012Denzel WashingtonFlight
33%
1993Daniel Day-LewisIn the Name of the Father
33%
2009Morgan FreemanInvictus
33%
1992Denzel WashingtonMalcolm X
33%
2020Gary OldmanMank
33%
2020Chadwick BosemanMa Rainey's Black Bottom
33%
1995Richard DreyfussMr. Holland's Opus
33%
2003Johnny DeppPirates of the Caribbean: The Curse of the Black Pearl
33%
2020Riz AhmedSound of Metal
33%
2007Johnny DeppSweeney Todd: The Demon Barber of Fleet Street
33%
2011George ClooneyThe Descendants
33%
2006Will SmithThe Pursuit of Happyness
33%
2021Denzel WashingtonThe Tragedy of Macbeth
33%
2009George ClooneyUp in the Air
33%
1993Laurence FishburneWhat's Love Got to Do with It
33%
2002Nicolas CageAdaptation
28%
2018Willem DafoeAt Eternity's Gate
28%
2003Jude LawCold Mountain
28%
2006Ryan GoslingHalf Nelson
28%
2005Terrence HowardHustle & Flow
28%
2022Bill NighyLiving
28%
2019Antonio BanderasPain and Glory
28%
1991Robin WilliamsThe Fisher King
28%
1999Russell CroweThe Insider
28%
1994Nigel HawthorneThe Madness of King George
28%
1996Woody HarrelsonThe People vs. Larry Flynt
28%
1991Nick NolteThe Prince of Tides
28%
1993Anthony HopkinsThe Remains of the Day
28%
2006Peter O'TooleVenus
28%
2009Colin FirthA Single Man
22%
1990Gérard DepardieuCyrano de Bergerac
22%
1998Ian McKellenGods and Monsters
22%
2001Tom WilkinsonIn the Bedroom
22%
1994Paul NewmanNobody's Fool
22%
2000Ed HarrisPollock
22%
2017Denzel WashingtonRoman J. Israel, Esq.
22%
1997Robert DuvallThe Apostle
22%
1999Denzel WashingtonThe Hurricane
22%
1999Richard FarnsworthThe Straight Story
22%
2011Gary OldmanTinker Tailor Soldier Spy
22%
1997Peter FondaUlee's Gold
22%
1997Dustin HoffmanWag the Dog
22%
1998Nick NolteAffliction
17%
2010Javier BardemBiutiful
17%
2005David StrathairnGood Night, and Good Luck
17%
2001Sean PennI Am Sam
17%
1995Massimo TroisiIl Postino: The Postman
17%
2007Tommy Lee JonesIn the Valley of Elah
17%
1995Anthony HopkinsNixon
17%
2000Geoffrey RushQuills
17%
1990Richard HarrisThe Field
17%
2002Michael CaineThe Quiet American
17%
2011Démian BichirA Better Life
11%
2000Javier BardemBefore Night Falls
11%
2003Ben KingsleyHouse of Sand and Fog
11%
1999Sean PennSweet and Lowdown
11%
2008Richard JenkinsThe Visitor
11%

Score Distribution

Percentile by Number Answered

Percent of People with Each Score

Your Score History

You have not taken this quiz